000 00997cam a22003015i 4500
001 23140311
003 EG-ScBUE
005 20250224100450.0
008 230522s2023 nyua f d 001 0 eng d
020 _a9780500480939
040 _aDLC
_beng
_erda
_cDLC
_dEG-ScBUE
082 0 4 _222
_a391.00951
_bFON
100 1 _aFong Chan, Sau,
_eauthor.
245 1 0 _aChinese dress in detail /
_cSau Fong Chan ; photographs by Sarah Duncan.
264 1 _aNew York :
_bThames & Hudson Inc.,
_c2023.
300 _a224 pages :
_bcolor illustrations ;
_c28 cm
336 _atext
_btxt
_2rdacontent
337 _aunmediated
_bn
_2rdamedia
338 _avolume
_bnc
_2rdacarrier
500 _aIncludes index.
500 _aIncludes glossary.
650 7 _2BUEsh
_aClothing and dress
_zChina
_xHistory.
653 _cFebruary2025
_bART
655 _vReading book
906 _a0
_bibc
_corignew
_d2
_eepcn
_f20
_gy-gencatlg
942 _2ddc
_cBB
999 _c30921
_d30892